Statistics for Disney's Frozen Quiz

Click here to take the quiz!

General Stats

  • This quiz has been taken 3,771 times
  • The average score is 13 of 20

Answer Stats

Question Answer % Correct
What are the names of the two sisters?Elsa
98%
What type of creature is Olaf?Snowman
95%
What are the names of the two sisters?Anna
95%
What song from the movie won an Oscar for Best Original Song?Let it Go
91%
What is the reindeer's favorite food?Carrots
82%
What's the name of the reindeer?Sven
74%
'Cause for the first time in ____, there'll be music, there'll be light.Forever
73%
What creatures are "love experts"?Trolls
72%
What's the name of the handsome, but evil, prince?Hans
69%
What's the name of the man who is best friends with a reindeer?Kristoff
67%
I'm Olaf and I like warm ____.Hugs
62%
We finish each others _______.Sandwiches
60%
Who was the voice of the younger sister?Kristen Bell
60%
What actress was the voice of the older sister?Idina Menzel
59%
In what fictional country does the movie take place?Arendelle
54%
Who wrote the fairy tale "The Snow Queen", on which the movie was based?Hans Christian Andersen
53%
Some people are worth _______ for.Melting
48%
Where does the prince come from?The {Southern} Isles
35%
Oh, look at that. I've been _____.Impaled
35%
What's the name of the giant snow monster who guards the ice palace?Marshmallow
28%

Score Distribution

Percentile by Number Answered

Percent of People with Each Score

Your Score History

You have not taken this quiz